[Event "34. Copenhagen Open (Politiken Cup)"]
[Site "Elsinore"]
[Date "2012.07.31"]
[Round "5"]
[White "Carnstam, Tomas"]
[Black "Molvig, Julius"]
[Result "0-1"]
[WhiteElo "2060"]
[BlackElo "1905"]
[PlyCount "68"]
[EventDate "2012.07.28"]
[EventType "swiss"]
[EventRounds "10"]
[EventCountry "DEN"]
[Source "ChessBase"]
[SourceDate "2012.08.24"]

1. c4 Nf6 2. Nc3 g6 3. e4 d6 4. d4 Bg7 5. f4 O-O 6. Nf3 c5 7. d5 a6 8. Bd3 Nbd7
9. O-O Ne8 10. a4 Rb8 11. Qc2 Nc7 12. Bd2 Re8 13. Rae1 e6 14. dxe6 Nxe6 15. Nd5
Nd4 16. Nxd4 Bxd4+ 17. Kh1 Nf6 18. Nxf6+ Qxf6 19. f5 Qh4 20. Rf4 Qh5 21. Be2
Qh6 22. Rf3 Qg7 23. Ref1 Bxf5 24. exf5 Rxe2 25. Qd3 Rbe8 26. fxg6 hxg6 27. b4
R8e4 28. bxc5 dxc5 29. Rh3 Qe5 30. Qf3 Qf6 31. Bg5 Qxf3 32. gxf3 Re1 33. fxe4
Rxf1+ 34. Kg2 Rg1+ 0-1

[Event "34. Copenhagen Open (Politiken Cup)"]
[Site "Elsinore"]
[Date "2012.07.31"]
[Round "5"]
[White "Carstensen, Jacob"]
[Black "Aagaard, Jacob"]
[Result "0-1"]
[WhiteElo "2352"]
[BlackElo "2506"]
[PlyCount "124"]
[EventDate "2012.07.28"]
[EventType "swiss"]
[EventRounds "10"]
[EventCountry "DEN"]
[Source "ChessBase"]
[SourceDate "2012.08.24"]

1. d4 d5 2. c4 e6 3. Nc3 c6 4. Nf3 Nf6 5. g3 dxc4 6. Bg2 b5 7. Ne5 a6 8. O-O
Bb7 9. a4 Qc8 10. e4 Nbd7 11. Nxd7 Nxd7 12. d5 Nc5 13. Qh5 Nd3 14. Bg5 g6 15.
Qh4 Bg7 16. dxe6 Qxe6 17. e5 h6 18. Bf6 g5 19. Qh5 Bxf6 20. exf6 Qxf6 21. axb5
axb5 22. Ne4 Qd4 23. Rxa8+ Bxa8 24. Qf3 Kf8 25. Ra1 Kg7 26. h4 c5 27. Ra7 Rf8
28. Qf5 Qe5 29. Qxe5+ Nxe5 30. Nxc5 Bxg2 31. Kxg2 Rc8 32. Ne6+ Kg6 33. Nd4 gxh4
34. Rb7 hxg3 35. Rxb5 f6 36. Kxg3 Rd8 37. f4 Rxd4 38. fxe5 Rd3+ 39. Kf4 Rb3 40.
Rc5 Rb4 41. Ke3 fxe5 42. Rxe5 Rxb2 43. Rc5 Rc2 44. Kf4 c3 45. Rc6+ Kh5 46. Ke3
Rg2 47. Kf3 Rh2 48. Kg3 Rc2 49. Kf3 Rc1 50. Ke3 c2 51. Kd2 Rd1+ 52. Kxc2 Rd5
53. Kc1 Kg5 54. Rc2 Kf4 55. Rc4+ Kg3 56. Rc3+ Kg2 57. Rc2+ Kg1 58. Kb2 h5 59.
Rc4 Kg2 60. Rc2+ Kg3 61. Rc3+ Kg4 62. Rc4+ Kg5 0-1

[Event "34. Copenhagen Open (Politiken Cup)"]
[Site "Elsinore"]
[Date "2012.07.31"]
[Round "5"]
[White "Christensen, Esben"]
[Black "Okland, Sveinung"]
[Result "1-0"]
[WhiteElo "2023"]
[BlackElo "1846"]
[PlyCount "91"]
[EventDate "2012.07.28"]
[EventType "swiss"]
[EventRounds "10"]
[EventCountry "DEN"]
[Source "ChessBase"]
[SourceDate "2012.08.24"]

1. e4 c5 2. Nf3 d6 3. d4 cxd4 4. Nxd4 Nf6 5. Nc3 g6 6. Be2 Bg7 7. Be3 Nc6 8.
O-O O-O 9. Kh1 d5 10. exd5 Nxd5 11. Nxd5 Qxd5 12. Bf3 Qa5 13. Nb3 Qc7 14. Qc1
b6 15. Bh6 Bb7 16. Bxg7 Kxg7 17. Qe3 Rac8 18. Rfe1 e6 19. c3 Rfd8 20. Nd2 Na5
21. Bxb7 Qxb7 22. b3 Qd5 23. Nf3 Nc6 24. Rac1 Qd3 25. Qf4 h6 26. Re3 Qd6 27.
Qe4 Nb4 28. Qb1 Nd3 29. Rc2 Nf4 30. Rd2 Qc6 31. Qd1 Rd5 32. c4 Rxd2 33. Qxd2 g5
34. Qd4+ f6 35. Re1 e5 36. Qd2 Rc7 37. Rd1 Qc5 38. Kg1 a5 39. Qd8 Qe7 40. Qxe7+
Rxe7 41. g3 Ne6 42. Rd6 b5 43. cxb5 e4 44. Nd2 Nc5 45. b6 e3 46. fxe3 1-0

[Event "34. Copenhagen Open (Politiken Cup)"]
[Site "Elsinore"]
[Date "2012.07.31"]
[Round "5"]
[White "Christensen, Uffe Stenberg"]
[Black "Thaler, Toni"]
[Result "1/2-1/2"]
[WhiteElo "1913"]
[BlackElo "2075"]
[PlyCount "21"]
[EventDate "2012.07.28"]
[EventType "swiss"]
[EventRounds "10"]
[EventCountry "DEN"]
[Source "ChessBase"]
[SourceDate "2012.08.24"]

1. d4 e6 2. Nf3 b6 3. Bg5 Be7 4. Bxe7 Qxe7 5. Nbd2 f5 6. e4 fxe4 7. Nxe4 Bb7 8.
Bd3 Nf6 9. Nxf6+ Qxf6 10. c3 O-O 11. Qe2 1/2-1/2

[Event "34. Copenhagen Open (Politiken Cup)"]
[Site "Elsinore"]
[Date "2012.07.31"]
[Round "5"]
[White "Colpe, Malte"]
[Black "Hansen, Herluf"]
[Result "1-0"]
[WhiteElo "2284"]
[BlackElo "2079"]
[PlyCount "79"]
[EventDate "2012.07.28"]
[EventType "swiss"]
[EventRounds "10"]
[EventCountry "DEN"]
[Source "ChessBase"]
[SourceDate "2012.08.24"]

1. d4 d5 2. c4 c6 3. Nf3 Nf6 4. Nc3 e6 5. Bg5 Nbd7 6. cxd5 exd5 7. e3 Be7 8.
Qc2 Nh5 9. Bxe7 Qxe7 10. O-O-O Nb6 11. Bd3 Be6 12. h3 g6 13. Kb1 O-O-O 14. Ne2
Ng7 15. g4 f6 16. Nc1 Ne8 17. Nb3 Nd6 18. Nc5 Bf7 19. Rc1 Kb8 20. h4 Be6 21.
Rhg1 Ka8 22. h5 gxh5 23. gxh5 Ne4 24. Bxe4 dxe4 25. Qxe4 Rde8 26. Qxe6 Qxe6 27.
Nxe6 Rxe6 28. Rg7 Nd5 29. Rcg1 Kb8 30. Nh4 c5 31. dxc5 Rc6 32. Rc1 Nb4 33. Rc4
Nd3 34. b4 Nxf2 35. Rd4 Rc7 36. h6 Nh3 37. Nf5 Ng5 38. Rdd7 Ne6 39. Rxc7 Nxc7
40. Nd6 1-0

[Event "34. Copenhagen Open (Politiken Cup)"]
[Site "Elsinore"]
[Date "2012.07.31"]
[Round "5"]
[White "Danielsen, Henrik"]
[Black "Klings, Peter"]
[Result "1-0"]
[WhiteElo "2511"]
[BlackElo "2178"]
[PlyCount "91"]
[EventDate "2012.07.28"]
[EventType "swiss"]
[EventRounds "10"]
[EventCountry "DEN"]
[Source "ChessBase"]
[SourceDate "2012.08.24"]

1. Nf3 Nf6 2. c4 Nc6 3. d4 e6 4. g3 d5 5. Bg2 Bb4+ 6. Bd2 a5 7. Qc2 dxc4 8.
Qxc4 Qd5 9. Qxd5 exd5 10. O-O Ne4 11. Bf4 Bd6 12. Nc3 Be6 13. Rfd1 Nxc3 14.
bxc3 Bxf4 15. gxf4 Nd8 16. Rab1 c6 17. Rb6 Bf5 18. Nd2 Be6 19. Nb3 Kd7 20. Nc5+
Kc7 21. Rdb1 Re8 22. e3 Ra7 23. Bf1 g6 24. Bd3 Re7 25. Kg2 Re8 26. Kg3 f6 27.
h4 Bf7 28. Kg4 Re7 29. f5 Be8 30. a4 Rg7 31. Rxb7+ Rxb7 32. Rxb7+ Nxb7 33. Ne6+
Kd7 34. Nxg7 Bf7 35. f4 Nd6 36. fxg6 hxg6 37. f5 Ne4 38. Bxe4 dxe4 39. fxg6
Bxg6 40. h5 Bh7 41. Kf4 c5 42. d5 c4 43. Nf5 Kc7 44. Kxe4 Kb6 45. Kf4 Kc5 46.
e4 1-0

[Event "34. Copenhagen Open (Politiken Cup)"]
[Site "Elsinore"]
[Date "2012.07.31"]
[Round "5"]
[White "Degerfeldt, Sven"]
[Black "Nielsen, Borge Hjerrild"]
[Result "1/2-1/2"]
[WhiteElo "1848"]
[BlackElo "2035"]
[PlyCount "151"]
[EventDate "2012.07.28"]
[EventType "swiss"]
[EventRounds "10"]
[EventCountry "DEN"]
[Source "ChessBase"]
[SourceDate "2012.08.24"]

1. d4 d5 2. c4 e6 3. Nc3 Be7 4. Nf3 Nf6 5. Bg5 O-O 6. e3 c5 7. a3 cxd4 8. exd4
Nc6 9. Bd3 dxc4 10. Bxc4 a6 11. O-O b5 12. Ba2 Bb7 13. Rc1 Rc8 14. Bb1 Na5 15.
Ne5 Nc4 16. Nxc4 Rxc4 17. Be3 Qa8 18. f3 Rd8 19. Qe2 Nd5 20. Nxd5 Bxd5 21. Bd3
Rcc8 22. Bf2 Bf6 23. b4 g6 24. Be3 Qa7 25. Rc5 Be7 26. Rcc1 Qd7 27. Qb2 Bf6 28.
Rxc8 Rxc8 29. Rc1 Rd8 30. Be2 Bb7 31. Rd1 Rc8 32. Bd3 Bd5 33. Be2 Bc4 34. Bxc4
Rxc4 35. Qd2 Qd5 36. Kf1 h5 37. Ke2 Bg7 38. Qd3 Qd6 39. f4 Qd5 40. Kf1 Qc6 41.
d5 exd5 42. Qxd5 Qxd5 43. Rxd5 Rc3 44. Bc5 Rxa3 45. Rd8+ Kh7 46. Rd7 a5 47.
Rxf7 Kg8 48. Rb7 axb4 49. Bxb4 Rb3 50. Rxb5 Bf8 51. Bxf8 Rxb5 52. Bd6 Kf7 53.
Kf2 Ke6 54. Bc7 Kf5 55. Kg3 Rb2 56. Kh3 Rc2 57. Bb8 Ke4 58. Bd6 Ke3 59. g3 Ke4
60. Bb8 Re2 61. Bc7 Kf5 62. Bd6 g5 63. fxg5 Kxg5 64. Bf4+ Kf5 65. Bc7 Re7 66.
Bb8 Rg7 67. Bd6 Rg4 68. Be7 Ke4 69. Bd8 Kf3 70. Be7 Kf2 71. Bd6 Kg1 72. Bf4 Kh1
73. Bd6 Re4 74. Bc7 Re2 75. g4 hxg4+ 76. Kxg4 1/2-1/2

[Event "34. Copenhagen Open (Politiken Cup)"]
[Site "Elsinore"]
[Date "2012.07.31"]
[Round "5"]
[White "Dyrhaug, Sverre S"]
[Black "Bjerke, Richard"]
[Result "0-1"]
[WhiteElo "1551"]
[BlackElo "2162"]
[PlyCount "80"]
[EventDate "2012.07.28"]
[EventType "swiss"]
[EventRounds "10"]
[EventCountry "DEN"]
[Source "ChessBase"]
[SourceDate "2012.08.24"]

1. e4 e6 2. d4 d5 3. exd5 exd5 4. Nf3 Bd6 5. Nc3 Ne7 6. Nb5 O-O 7. Nxd6 Qxd6 8.
Be2 Bf5 9. Ne5 f6 10. Nd3 Nbc6 11. Bf4 Qd8 12. c3 b6 13. O-O Qd7 14. Re1 Ng6
15. Bg3 Nce7 16. Qd2 c6 17. Bf3 Be4 18. Re3 f5 19. Bxe4 dxe4 20. Nf4 Nd5 21.
Re2 Ngxf4 22. Bxf4 Rae8 23. Be5 Re6 24. Rd1 b5 25. b3 Ne7 26. Qe3 Rxe5 27. dxe5
Qxd1+ 28. Re1 Rd8 29. h3 Qd2 30. Qxd2 Rxd2 31. a3 Rd3 32. Rc1 a5 33. e6 g5 34.
a4 bxa4 35. bxa4 Kg7 36. Kf1 Kf6 37. Ke2 Kxe6 38. Rc2 Nd5 39. c4 Nf4+ 40. Kf1
Rd1# 0-1

[Event "34. Copenhagen Open (Politiken Cup)"]
[Site "Elsinore"]
[Date "2012.07.31"]
[Round "5"]
[White "Edwardsson, Hannu Kalervo"]
[Black "Caceres, Cipriano Sande"]
[Result "0-1"]
[WhiteElo "1464"]
[BlackElo "1709"]
[PlyCount "90"]
[EventDate "2012.07.28"]
[EventType "swiss"]
[EventRounds "10"]
[EventCountry "DEN"]
[Source "ChessBase"]
[SourceDate "2012.08.24"]

1. e4 c5 2. c4 g6 3. Nc3 e6 4. Nf3 Nc6 5. d3 Bg7 6. Bd2 a6 7. Be2 Nge7 8. O-O
d6 9. Rb1 Bd7 10. a3 Qc7 11. Na4 h6 12. Bc3 e5 13. b3 b5 14. Nb2 Nd4 15. Bxd4
exd4 16. h3 f5 17. exf5 gxf5 18. Nh2 O-O-O 19. Bh5 Be5 20. Qf3 Bc6 21. Qe2
Bxh2+ 22. Kxh2 d5+ 23. Kh1 dxc4 24. bxc4 Qf4 25. Bf3 Bxf3 26. Qxf3 Qxf3 27.
gxf3 Rhg8 28. Rg1 Kc7 29. Rg3 h5 30. Rbg1 f4 31. Rxg8 Rxg8 32. Rxg8 Nxg8 33.
Kg1 Nf6 34. Kf1 Nd7 35. Ke2 Kb6 36. cxb5 axb5 37. a4 bxa4 38. Nxa4+ Kb5 39. Nb2
Ne5 40. Nd1 Kb4 41. Nb2 Kb3 42. Nd1 Kc2 43. Ke1 Nxf3+ 44. Ke2 Ng1+ 45. Ke1 Nxh3
0-1

[Event "34. Copenhagen Open (Politiken Cup)"]
[Site "Elsinore"]
[Date "2012.07.31"]
[Round "5"]
[White "Elenius, Erik"]
[Black "Nordin, Eric"]
[Result "1/2-1/2"]
[WhiteElo "2069"]
[BlackElo "1906"]
[PlyCount "22"]
[EventDate "2012.07.28"]
[EventType "swiss"]
[EventRounds "10"]
[EventCountry "DEN"]
[Source "ChessBase"]
[SourceDate "2012.08.24"]

1. e4 d6 2. d4 Nf6 3. Nc3 g6 4. Nf3 Bg7 5. Be2 Bg4 6. Be3 O-O 7. O-O Nc6 8. h3
Bxf3 9. Bxf3 e5 10. dxe5 dxe5 11. Ne2 Qxd1 1/2-1/2

[Event "34. Copenhagen Open (Politiken Cup)"]
[Site "Elsinore"]
[Date "2012.07.31"]
[Round "5"]
[White "Emborg, Jens"]
[Black "Rydell, Marten"]
[Result "0-1"]
[WhiteElo "1649"]
[BlackElo "1973"]
[PlyCount "64"]
[EventDate "2012.07.28"]
[EventType "swiss"]
[EventRounds "10"]
[EventCountry "DEN"]
[Source "ChessBase"]
[SourceDate "2012.08.24"]

1. e4 e6 2. d4 d5 3. exd5 exd5 4. Nf3 Bg4 5. h3 Bh5 6. Bd3 Nc6 7. c3 Bd6 8. g4
Bg6 9. h4 Qd7 10. Rg1 O-O-O 11. Be3 Nf6 12. g5 Ng4 13. Na3 Nxe3 14. fxe3 Rde8
15. Kd2 Bxa3 16. bxa3 Qe7 17. Re1 Qxa3 18. Qb3 Qd6 19. Bb5 f6 20. Rac1 Be4 21.
Bxc6 Qxc6 22. Rf1 Qd6 23. Rce1 Qg3 24. Qd1 Rhf8 25. Kc1 Re6 26. gxf6 Rexf6 27.
Nd2 Qxh4 28. Nxe4 Qxe4 29. Rxf6 Rxf6 30. Kd2 Rb6 31. Qc2 Qxc2+ 32. Kxc2 Kd7 0-1

[Event "34. Copenhagen Open (Politiken Cup)"]
[Site "Elsinore"]
[Date "2012.07.31"]
[Round "5"]
[White "Eriksson, Christian Altenburg"]
[Black "Tari, Aryan"]
[Result "0-1"]
[WhiteElo "2106"]
[BlackElo "2256"]
[PlyCount "100"]
[EventDate "2012.07.28"]
[EventType "swiss"]
[EventRounds "10"]
[EventCountry "DEN"]
[Source "ChessBase"]
[SourceDate "2012.08.24"]

1. e4 c5 2. c3 d5 3. exd5 Qxd5 4. d4 Nc6 5. Nf3 Bg4 6. Be2 e6 7. h3 Bh5 8. c4
Qd7 9. g4 Bg6 10. d5 exd5 11. cxd5 Nb4 12. Ne5 Qxd5 13. Bb5+ Kd8 14. O-O Kc7
15. Bf4 Bd6 16. Nxg6 hxg6 17. Qxd5 Nxd5 18. Bxd6+ Kxd6 19. Rd1 Nge7 20. Nc3
Rad8 21. Ne4+ Kc7 22. Ng5 Rhf8 23. Nh7 Rg8 24. Ng5 Kb6 25. Bc4 f6 26. Ne6 Rd6
27. Nf4 Rgd8 28. Bxd5 Nxd5 29. Nxg6 Nb4 30. Rxd6+ Rxd6 31. Nf4 g5 32. Nh5 Kc6
33. Kg2 Nd3 34. Rb1 b5 35. Kg3 c4 36. a3 a5 37. f4 b4 38. axb4 axb4 39. fxg5
fxg5 40. h4 gxh4+ 41. Kxh4 Kc5 42. g5 c3 43. bxc3 bxc3 44. Nf6 c2 45. Ra1 Rd4+
46. Kg3 Ra4 47. Rg1 Rb4 48. g6 Rb1 49. Rc1 Rxc1 50. Ng4 Rg1+ 0-1

[Event "34. Copenhagen Open (Politiken Cup)"]
[Site "Elsinore"]
[Date "2012.07.31"]
[Round "5"]
[White "Eriksson, Kristian"]
[Black "Larsen, Karsten"]
[Result "0-1"]
[WhiteElo "2082"]
[BlackElo "2331"]
[PlyCount "154"]
[EventDate "2012.07.28"]
[EventType "swiss"]
[EventRounds "10"]
[EventCountry "DEN"]
[Source "ChessBase"]
[SourceDate "2012.08.24"]

1. e4 g6 2. d4 c6 3. Nf3 d5 4. exd5 cxd5 5. c4 Nf6 6. cxd5 Nxd5 7. Nc3 Bg7 8.
Bc4 Nb6 9. Bb3 O-O 10. h3 Nc6 11. Be3 Na5 12. O-O Nxb3 13. axb3 Be6 14. Na4
Nxa4 15. Rxa4 Qd5 16. b4 a6 17. Ra5 Qd6 18. Qd2 Bc4 19. Rc1 Bb5 20. Ra3 Bc6 21.
Bf4 Qd8 22. Ne5 Bd5 23. Rac3 f6 24. Ng4 Bc6 25. Rc5 e6 26. Bh6 Qd7 27. Bxg7
Qxg7 28. Qe2 Qd7 29. Qc4 Rad8 30. Re1 Bd5 31. Qc3 Qd6 32. Ne3 Bc6 33. Qb3 Rde8
34. Rd1 Kh8 35. d5 exd5 36. Nxd5 Rd8 37. Ne3 Qe7 38. Rcc1 Kg7 39. Re1 Qf7 40.
Qc3 Rfe8 41. Rcd1 Rc8 42. Qd2 Ba4 43. Rc1 Rcd8 44. Qc3 Re4 45. Ng4 Red4 46. Qa3
Bb5 47. Qg3 Bc6 48. Ne3 Kh8 49. Rcd1 Qb3 50. Rxd4 Rxd4 51. Qb8+ Qg8 52. Qc7 Qd8
53. Qg3 Rxb4 54. Ng4 h5 55. Ne3 Kh7 56. Rd1 Rd4 57. Rxd4 Qxd4 58. Qc7+ Qd7 59.
Qf4 Kg7 60. g4 hxg4 61. hxg4 Qe7 62. f3 Qe5 63. Qxe5 fxe5 64. Kf2 Kf6 65. Nc4
Ke6 66. Ke3 Kd5 67. Nb6+ Kc5 68. Nc8 a5 69. Ne7 Be8 70. Ke4 Kd6 71. Ng8 Bc6+
72. Ke3 b5 73. Nh6 Bd5 74. g5 Be6 75. Kd3 b4 76. Ke3 a4 77. Kd3 Kd5 0-1

[Event "34. Copenhagen Open (Politiken Cup)"]
[Site "Elsinore"]
[Date "2012.07.31"]
[Round "5"]
[White "Gade, Jens"]
[Black "Christiansen, Niels Jorgen"]
[Result "1-0"]
[WhiteElo "1578"]
[BlackElo "1775"]
[PlyCount "76"]
[EventDate "2012.07.28"]
[EventType "swiss"]
[EventRounds "10"]
[EventCountry "DEN"]
[Source "ChessBase"]
[SourceDate "2012.08.24"]

1. f4 Nf6 2. Nf3 g6 3. e3 c5 4. Be2 d5 5. O-O Bg7 6. d3 Nc6 7. c3 O-O 8. Bd2
Re8 9. Na3 Qb6 10. Qb3 Qxb3 11. axb3 a6 12. Nc2 b5 13. h3 e5 14. fxe5 Nxe5 15.
Rfe1 Nc6 16. Kf2 Bb7 17. Bf1 Re7 18. Rad1 h6 19. Bc1 Rae8 20. Kg1 Bc8 21. Bd2
Nd7 22. d4 c4 23. bxc4 bxc4 24. Rb1 Nf6 25. b3 Bf5 26. Rec1 Rb8 27. b4 Ne4 28.
Ra1 Nxd2 29. Nxd2 Ra7 30. e4 dxe4 31. Bxc4 Re8 32. Ne3 Bc8 33. Bd5 Ne7 34. Bxe4
f5 35. Bd3 Bb7 36. Nb3 Nc6 37. Nc4 Nxb4 38. cxb4 Bxd4+ 1-0

[Event "34. Copenhagen Open (Politiken Cup)"]
[Site "Elsinore"]
[Date "2012.07.31"]
[Round "5"]
[White "Hansen, Sune Berg"]
[Black "Nilsen, Joachim Birger"]
[Result "1-0"]
[WhiteElo "2577"]
[BlackElo "2215"]
[PlyCount "117"]
[EventDate "2012.07.28"]
[EventType "swiss"]
[EventRounds "10"]
[EventCountry "DEN"]
[Source "ChessBase"]
[SourceDate "2012.08.24"]

1. Nf3 Nf6 2. g3 c5 3. Bg2 Nc6 4. O-O d5 5. d4 Bg4 6. c4 Bxf3 7. Bxf3 cxd4 8.
Qb3 Qb6 9. cxd5 Qxb3 10. axb3 Nb4 11. Na3 Nbxd5 12. Bg5 O-O-O 13. Nc4 Kb8 14.
Ne5 Rg8 15. Nxf7 Rd7 16. Ne5 Rd8 17. Ra5 e6 18. Rc1 Bd6 19. Bxd5 Bxe5 20. Bxe6
Bc7 21. Rxc7 Kxc7 22. Bxg8 Rxg8 23. Rxa7 Kb6 24. Ra4 Rd8 25. Rb4+ Ka6 26. Rc4
Rd7 27. Kf1 Ne4 28. Bf4 Kb5 29. Be3 Nxg3+ 30. hxg3 dxe3 31. fxe3 g5 32. g4 Re7
33. Kf2 Rf7+ 34. Kg3 Re7 35. Kf3 b6 36. e4 Rf7+ 37. Ke3 Re7 38. Kd4 h5 39. gxh5
Rh7 40. Ke5 Rxh5 41. Kf6 Rh2 42. e5 Rxe2 43. e6 g4 44. Rxg4 Kc6 45. e7 Rf2+ 46.
Ke6 Re2+ 47. Kf7 Rf2+ 48. Ke8 Kc7 49. Rc4+ Kb7 50. Kd7 Rd2+ 51. Ke6 Re2+ 52.
Kf6 Re1 53. b4 Re2 54. b5 Re1 55. Rc6 Rf1+ 56. Kg7 Re1 57. Kf7 Rf1+ 58. Rf6 Rf5
59. Rxf5 1-0

[Event "34. Copenhagen Open (Politiken Cup)"]
[Site "Elsinore"]
[Date "2012.07.31"]
[Round "5"]
[White "Helin, Mikael"]
[Black "Nielsen, Klaus"]
[Result "0-1"]
[WhiteElo "1905"]
[BlackElo "2069"]
[PlyCount "54"]
[EventDate "2012.07.28"]
[EventType "swiss"]
[EventRounds "10"]
[EventCountry "DEN"]
[Source "ChessBase"]
[SourceDate "2012.08.24"]

1. e4 c5 2. Nc3 Nc6 3. g3 d6 4. Bg2 e5 5. h3 f5 6. d3 Nf6 7. Nge2 Be7 8. f4 O-O
9. exf5 Bxf5 10. g4 Nxg4 11. Ng3 Bh4 12. Bd5+ Kh8 13. Qf3 Nd4 14. Qg2 Nxc2+ 15.
Ke2 Nh6 16. Rb1 Nd4+ 17. Kd2 exf4 18. Nh5 Bg6 19. Bf3 Qe8 20. Ne4 Nxf3+ 21. Kc3
Qe5+ 22. Kb3 Nd4+ 23. Ka3 Qxh5 24. b3 f3 25. Qh2 f2 26. Bb2 Nc2+ 27. Ka4 Be8+
0-1

[Event "34. Copenhagen Open (Politiken Cup)"]
[Site "Elsinore"]
[Date "2012.07.31"]
[Round "5"]
[White "Henningsen, Lasse"]
[Black "Franzen, Per Erik"]
[Result "0-1"]
[WhiteElo "1756"]
[BlackElo "2043"]
[PlyCount "76"]
[EventDate "2012.07.28"]
[EventType "swiss"]
[EventRounds "10"]
[EventCountry "DEN"]
[Source "ChessBase"]
[SourceDate "2012.08.24"]

1. d4 Nf6 2. Nf3 e6 3. c4 c5 4. e3 d5 5. Nc3 Nc6 6. dxc5 Bxc5 7. a3 dxc4 8.
Qxd8+ Nxd8 9. Bxc4 O-O 10. b4 Be7 11. Ke2 b6 12. Bb2 Bb7 13. Rac1 Rc8 14. Nb5
a5 15. bxa5 bxa5 16. Rhd1 Nd5 17. Bxd5 Rxc1 18. Rxc1 Bxd5 19. Rc7 Bf6 20. Bxf6
gxf6 21. Nd6 a4 22. e4 Bb3 23. Nd4 e5 24. Nxb3 axb3 25. Rc3 Ne6 26. Kd2 Nd4 27.
Nc4 Rb8 28. Nb2 Ra8 29. a4 Kf8 30. Rc4 Ke7 31. Nd3 Kd6 32. Kc3 Rb8 33. Kb2 Rg8
34. g3 Rb8 35. Nc5 f5 36. exf5 Kd5 37. Rc3 Rb4 38. Nxb3 Rxa4 0-1

[Event "34. Copenhagen Open (Politiken Cup)"]
[Site "Elsinore"]
[Date "2012.07.31"]
[Round "5"]
[White "Inhoven, Stefan"]
[Black "Barane, Simon"]
[Result "1-0"]
[WhiteElo "2140"]
[BlackElo "1835"]
[PlyCount "73"]
[EventDate "2012.07.28"]
[EventType "swiss"]
[EventRounds "10"]
[EventCountry "DEN"]
[Source "ChessBase"]
[SourceDate "2012.08.24"]

1. e4 c5 2. Nf3 d6 3. d4 cxd4 4. Nxd4 Nf6 5. Nc3 g6 6. Be3 Bg7 7. f3 O-O 8. Qd2
Nc6 9. Bc4 Bd7 10. O-O-O Rc8 11. Bb3 Ne5 12. h4 h5 13. Bh6 Nc4 14. Bxc4 Rxc4
15. Bxg7 Kxg7 16. Kb1 a6 17. g4 hxg4 18. h5 Rh8 19. hxg6 fxg6 20. f4 e5 21. Nb3
Nxe4 22. Nxe4 Rxe4 23. fxe5 Rxh1 24. Rxh1 Rxe5 25. Qh6+ Kf6 26. Qh4+ Rg5 27.
Nd4 Bf5 28. Kc1 Qg8 29. c3 Qxa2 30. Qh8+ Ke7 31. Rh7+ Qf7 32. Rxf7+ Kxf7 33.
Qh7+ Kf6 34. Qh4 d5 35. Kd2 b5 36. Ke3 Bd7 37. Kf4 1-0

[Event "34. Copenhagen Open (Politiken Cup)"]
[Site "Elsinore"]
[Date "2012.07.31"]
[Round "5"]
[White "Jacobsen, Caroline Beer"]
[Black "Christenson, Bjorn Aa"]
[Result "0-1"]
[WhiteElo "1587"]
[BlackElo "1888"]
[PlyCount "110"]
[EventDate "2012.07.28"]
[EventType "swiss"]
[EventRounds "10"]
[EventCountry "DEN"]
[Source "ChessBase"]
[SourceDate "2012.08.24"]

1. e4 e5 2. Nf3 Nc6 3. Bb5 a6 4. Ba4 Nf6 5. O-O b5 6. Bb3 Bc5 7. Nxe5 Nxe5 8.
d4 Bxd4 9. Qxd4 d6 10. Bg5 c5 11. Bxf6 gxf6 12. Qd5 Be6 13. Qd1 c4 14. f4 Qb6+
15. Kh1 Ng4 16. Qe2 cxb3 17. cxb3 Qe3 18. Qxe3 Nxe3 19. Rf2 Rc8 20. Nc3 b4 21.
f5 Bd7 22. Nd5 Nxd5 23. exd5 O-O 24. g4 Rc5 25. Rd2 Re8 26. Kg2 Re5 27. Rad1
Rexd5 28. Rxd5 Rxd5 29. Rxd5 Bc6 30. Kf2 Bxd5 31. Ke3 Kf8 32. h4 h6 33. Kf4 Ke7
34. g5 fxg5+ 35. hxg5 hxg5+ 36. Kxg5 Be4 37. a3 a5 38. Kg4 Kf6 39. Kf4 Bxf5 40.
Ke3 Be6 41. axb4 axb4 42. Kf4 Bxb3 43. Ke4 Ke6 44. Kf4 d5 45. Ke3 Ke5 46. Kd3
d4 47. Kd2 Ke4 48. Ke2 d3+ 49. Kd2 f5 50. Ke1 Ke3 51. Kf1 d2 52. Kg2 d1=Q 53.
Kg3 Qg4+ 54. Kh2 Kf2 55. Kh1 Qg2# 0-1

[Event "34. Copenhagen Open (Politiken Cup)"]
[Site "Elsinore"]
[Date "2012.07.31"]
[Round "5"]
[White "Jensen, Ib"]
[Black "Stojanovski, Sandi"]
[Result "0-1"]
[WhiteElo "1986"]
[BlackElo "2191"]
[PlyCount "72"]
[EventDate "2012.07.28"]
[EventType "swiss"]
[EventRounds "10"]
[EventCountry "DEN"]
[Source "ChessBase"]
[SourceDate "2012.08.24"]

1. d4 Nf6 2. Nf3 e6 3. e3 c5 4. Bd3 Be7 5. O-O O-O 6. Nbd2 b6 7. c3 Ba6 8. Bxa6
Nxa6 9. e4 d5 10. e5 Nd7 11. Re1 cxd4 12. cxd4 Rc8 13. a3 Qc7 14. Qe2 Nab8 15.
Nf1 Qc2 16. Be3 Qxe2 17. Rxe2 b5 18. Ne1 Nb6 19. Nd3 a5 20. Nc5 Bxc5 21. dxc5
N6d7 22. b4 Nxe5 23. Bf4 Nc4 24. Nd2 Nc6 25. Nxc4 dxc4 26. Bd6 Rfd8 27. a4 axb4
28. axb5 Nd4 29. Rb2 Nb3 30. Rxb3 cxb3 31. b6 Rxd6 32. b7 Rdd8 33. bxc8=Q Rxc8
34. Kf1 g6 35. Rb1 Rxc5 36. Rxb3 Rb5 0-1

[Event "34. Copenhagen Open (Politiken Cup)"]
[Site "Elsinore"]
[Date "2012.07.31"]
[Round "5"]
[White "Jensen, Jonbert"]
[Black "Madison, Sigurd"]
[Result "0-1"]
[WhiteElo "1632"]
[BlackElo "1799"]
[PlyCount "83"]
[EventDate "2012.07.28"]
[EventType "swiss"]
[EventRounds "10"]
[EventCountry "DEN"]
[Source "ChessBase"]
[SourceDate "2012.08.24"]

1. e4 e5 2. Nf3 Nc6 3. Bc4 Be7 4. O-O d6 5. c3 Bg4 6. Be2 Nf6 7. Ng5 Qd7 8. h3
Bxe2 9. Qxe2 h6 10. Nf3 O-O 11. b3 Nh7 12. d4 Kh8 13. d5 Nd8 14. Nh2 f5 15. f4
exf4 16. Bxf4 Bg5 17. Nd2 Re8 18. Qf3 Rf8 19. Bxg5 Nxg5 20. Qf4 Qb5 21. c4 Qc5+
22. Kh1 Qd4 23. Rae1 Ndf7 24. Nhf3 Qb2 25. exf5 Rfe8 26. h4 Nxf3 27. Nxf3 Qc3
28. Re6 Kg8 29. Rg6 Qd3 30. Nd4 Re4 31. Qf2 Rxd4 32. f6 Rxh4+ 33. Qxh4 Qxg6 34.
fxg7 Qxg7 35. Qh5 Re8 36. Qf3 Re5 37. Qf2 Ng5 38. Qxa7 Ne4 39. Qb8+ Kh7 40.
Qxb7 Ng3+ 41. Kg1 Ne2+ 42. Kf2 0-1

[Event "34. Copenhagen Open (Politiken Cup)"]
[Site "Elsinore"]
[Date "2012.07.31"]
[Round "5"]
[White "Jensen, Michael Agermose"]
[Black "Gandrud, Vegar Koi"]
[Result "0-1"]
[WhiteElo "2113"]
[BlackElo "2259"]
[PlyCount "50"]
[EventDate "2012.07.28"]
[EventType "swiss"]
[EventRounds "10"]
[EventCountry "DEN"]
[Source "ChessBase"]
[SourceDate "2012.08.24"]

1. e4 c5 2. d4 cxd4 3. c3 Nf6 4. e5 Nd5 5. Nf3 Nc6 6. Bc4 e6 7. cxd4 d6 8. O-O
Be7 9. Qe2 O-O 10. a3 b6 11. Qe4 Bb7 12. Bd3 g6 13. Bh6 Re8 14. h4 Bf8 15. Bg5
Qd7 16. h5 Nde7 17. hxg6 Nxg6 18. Qg4 dxe5 19. Bxg6 fxg6 20. d5 Nd4 21. Nxe5
Qxd5 22. Bf6 Bg7 23. Nxg6 hxg6 24. Bxg7 Kxg7 25. Nc3 Qe5 0-1